000
00298nam a22001217a 4500
008
260423b |||||||| |||| 00| 0 eng d
082
_a
001280
100
_a
Das, Bholanath
245
_a
Pratishakya- Panini
260
_a
Delhi
_b
New Bharatiya Book Corporation
_c
2021
300
_a
254p
942
_2
ddc
999
_c
1282
_d
1282